000 00678nam a2200217Ia 4500
003 GCL
008 140319s9999 xx 000 0 ara d
040 _aGCL /
_cGCL
082 0 4 _a811.9
_bم ق
100 1 _aمحمد ابراهيم ابوسنة
245 1 0 _aقصائد لا تموت - مختارات ودراسات /
_cمحمد ابراهيم ابوسنة
260 _aالقاهرة :
_bمكتبة مدبولى ،
_c1987
300 _a129 ص
490 _a
650 0 4 _aالشعر العربى
650 0 4 _aالادب العربى
650 0 4 _aالعصر الحديث
650 0 4 _aدواوين وقصائد
650 0 4 _aالمجموعات
942 _2ddc
_cBK
999 _c29646
_d29646